Código penal de la República Dominicana : (Record no. 63069)

MARC details
000 -LEADER
campo de control de longitud fija 00759cam a2200217 4500
001 - NÚMERO DE CONTROL
campo de control 18836
005 - FECHA Y HORA DE LA ÚLTIMA TRANSACCIÓN
campo de control 20230410123522.0
008 - DATOS DE LONGITUD FIJA--INFORMACIÓN GENERAL
campo de control de longitud fija 060907n2003 dr spa
035 ## - NÚMERO DE CONTROL DEL SISTEMA
-- funglode18986
041 ## - CÓDIGO DE IDIOMA
Código de lengua del texto/banda sonora o título independiente ES
050 14 - SIGNATURA TOPOGRÁFICA DE LA BIBLIOTECA DEL CONGRESO
Número de clasificación KGQ 5414
Número de ítem H185c 2003
100 1# - ENTRADA PRINCIPAL--NOMBRE DE PERSONA
Nombre de persona República Dominicana. [Leyes, etc.]
245 10 - MENCIÓN DEL TÍTULO
Título Código penal de la República Dominicana :
Resto del título legislación complementaria después del 1984, actualizada, ampliada y adaptado para estudios /
Mención de responsabilidad, etc. Juan Pablo Acosta, Trajano Vidal Potentini
250 ## - MENCION DE EDICION
Mención de edición 3a ed.
260 ## - PUBLICACIÓN, DISTRIBUCIÓN, ETC.
Lugar de publicación, distribución, etc. Moca, República Dominicana :
Nombre del editor, distribuidor, etc. Editora Dalis,
Fecha de publicación, distribución, etc. 2003
300 ## - DESCRIPCIÓN FÍSICA
Extensión 202 p.
650 #0 - PUNTO DE ACCESO ADICIONAL DE MATERIA--TÉRMINO DE MATERIA
Término de materia o nombre geográfico como elemento de entrada Criminal law
Subdivisión geográfica Dominican Republic.
700 1# - ENTRADA AGREGADA--NOMBRE PERSONAL
Nombre de persona Acosta, Juan Pablo
700 1# - ENTRADA AGREGADA--NOMBRE PERSONAL
Nombre de persona Vidal Potentini, Trajano
942 ## - ELEMENTOS DE ENTRADA SECUNDARIOS (KOHA)
Fuente del sistema de clasificación o colocación Clasificación de Library of Congress
Tipo de ítem Koha
Holdings
Estatus retirado Estado de pérdida Fuente del sistema de clasificación o colocación Estado de daño No para préstamo Colección Biblioteca de origen Biblioteca actual Ubicación en estantería Fecha de adquisición Serial enumeration / chronology Signatura topográfica completa Código de barras Visto por última vez Copia número Tipo de ítem Koha
    Clasificación de Library of Congress     Ciencias Sociales Biblioteca Juan Bosch Biblioteca Juan Bosch Ciencias Sociales (3er. Piso) 24/10/2018 1 KGQ 5414 H185c 2003 00000017635 24/10/2018 1